Salalah International Airport Destinations (Salalah, Oman) - Statistics

General Stats
  • This quiz has been taken 39 times
    12 since last reset
  • The average score is 13 of 17
Answer Stats
Airline Destination % Correct
Air Arabia/Etihad Airways/SalamAir Abu Dhabi
100%
Qatar Airways Doha
100%
flydubai Dubai (International)
100%
Oman Air/SalamAir Muscat
100%
flynas Riyadh
100%
SalamAir/Saudia Jeddah
88%
Jazeera Airways/Kuwait Airways/SalamAir Kuwait City
88%
Air Arabia Sharjah
88%
Edelweiss Air Zürich
88%
Belavia Minsk
75%
Air India Express Kochi
63%
Air India Express Kozhikode
63%
SalamAir Prague
50%
Centrum Air Tashkent
50%
Smartwings Bratislava
38%
SalamAir Fujairah
38%
SalamAir Sohar
38%
No matching quizzes found
Score Distribution
Percent of People with Each Score
Percentile by Number Answered
Your Score History
You have not taken this quiz since the last reset